| 000 | 00662cam a2200205 a 4500 | ||
|---|---|---|---|
| 001 | 000019848 | ||
| 005 | 20200929170149.0 | ||
| 008 | 800823s1965 ve 000 0 spa d | ||
| 040 |
_aDO-SdBNP _bspa _cLC _dBNPHU |
||
| 082 |
_aV861.44 _bM539c |
||
| 100 | 1 |
_aMendoza Sagarzazu, Beatriz. _942359 |
|
| 245 | 1 | 0 |
_aConcierto sin musica / _cBeatriz Mendoza Sagarzazu. |
| 260 |
_a[Caracas] : _b[sn.], _c1965. _eCaracas : _fArtegrafía, |
||
| 300 |
_a45 p. ; _c23 cm. |
||
| 586 | _a"Premio Jose Rafael Pocaterra, Valencia 1964". | ||
| 650 | 4 |
_aPoesía venezolana _94230 |
|
| 650 | 4 |
_aLiteratura venezolana _93816 |
|
| 910 | _aCatalogación derivada / LC | ||
| 049 | _aBNGR | ||
| 999 |
_c19361 _d19361 |
||